Представление документа в формате RUSMARC

ПолеНазваниеЗначение
  Тип записи a
  Библиографический уровень m
001 Контрольный номер RU/IS/BASE/475769000
005 Дата корректировки 20240209174544.7
010 Индекс ISBN __
a ISBN
b Уточнения в пер.
d Цена 1 р. 00 к.
9 Тираж 50 000 экз.
100 Данные общей обработки __
a Данные общей обработки 20150128d2015 ||| 0rusy0189 ca
101 Язык документа 0_
a Язык текста rus
102 Страна публикации __
a Страна публикации RU
105 Кодированные данные (монография) __
a Кодированные данные (монография) y###||||000|y
200 Заглавие и сведения об ответственности 1_
a Заглавие Переславль-Залесский
b Общее обозначение материала Текст
e Сведения, относящиеся к заглавию [фотоальбом]
e Сведения, относящиеся к заглавию [на рус., нем., фр., англ. яз.]
f Первые сведения об ответственности В. А. Десятников
g Последующие сведения об ответственности [худож. Г. Комлев]
210 Выходные данные 1_
a Место издания Москва
c Издательство Советская Россия
d Дата издания 1975
215 Физическое описание __
a Объем 179 с.
c Иллюстрации/тип воспроизводства ил., фото
d Формат 22,5 см.
225 Серия 0_
a Серия По древним русским городам
300 Общие примечания __
a Общие примечания Ограничения по возрасту - 12+
606 Тематические рубрики 0_
a Основная рубрика История - Города русские
y Географическая подрубрика Переславль-Залесский, город (Ярославская область)
610 Ключевые слова 0_
a Ключевые слова города древние
a Ключевые слова города русские
a Ключевые слова памятники
a Ключевые слова архитектура
a Ключевые слова монастыри
a Ключевые слова церкви
a Ключевые слова музеи
a Ключевые слова история
a Ключевые слова искусство
686 Индексы других классификаций __
a Классификационный индекс 63.3(2Рос-2)
2 Код системы ББК
700 Автор _0
a Фамилия Десятников
b Имя (инициалы) Владимир Александрович
g Полное личное имя В. А.
801 Источник записи _0
a Страна RU
b Организация МБУК ЦБС г. Ульяновска
c Дата составления 20150128
g Правила каталогизации RCR
801 Источник записи _1
a Страна RU
b Организация МБУК ЦБС г. Ульяновска
c Дата составления 20150128
g Правила каталогизации RCR
899 Данные о местонахождении __
i Авторский знак Д 37
j Расстановочный фильтр 63.3(2Рос...)
901 Тип документа __
t Тип документа m
910 Корректоры записи __
a Корректор записи Плотникова